=LDR 00000nam 2200000 4500 =001 INLIS000000000021418 =005 20130612120300 =008 ***********************************]; Ind** =035 ##$$0010-061300000021418 =041 ##$$a ]; Ind =082 ##$$a 635.1 =090 ##$$a 635.1, Tan =100 ##$$a MUNANDAR =245 ##$$a Tanaman Bumbu-bumbuan, Munandar =260 ##$$a 1985 $b Jakarta =300 ##$$a 48 hlm, Ilus, 21 cm =650 ##$$a Tanaman Umbi =850 ##$$a NBPNMAT